00000000nam##2200000za#4500
0019.588062
003CaOODSP
00520210624194935
007cr |||||||||||
008150406|2000||||xxc|||||o    f|0| 0 fre|d
040 |aCaOODSP|bfre
041 |aeng
041 |afre
043 |an-cn---
0861 |aH12-30/113-PDF
1101 |aCanada.|bSanté Canada. |bProgramme des produits thérapeutiques.
24510|aNettoyage des réanimateurs et des valves de PEP réutilisables |h[ressource électronique]
260 |aOttawa - Ontario : |bSanté Canada.
300 |a3p.
4901 |aAlerte : matériels médicaux |vA.M.M. N° 113 (Le 7 septembre 2000)
590 |a12-08-Supp|b2012-03-16
7760#|tCleaning of reusable resuscitators and PEEP valves |w(CaOODSP)9.534730
791 |tCleaning of reusable resuscitators and PEEP valves |eeng|w(CaOODSP)9.588061
830#0|aAlerte : matériels médicaux ;|vA.M.M. N° 113 (Le 7 septembre 2000)|w(CaOODSP)9.500604
85640|ahttp://publications.gc.ca|qPDF|s35 Ko|uhttps://publications.gc.ca/collections/Collection/H12-30-113.pdf|yA.M.M. N° 113 (Le 7 septembre 2000)